Statistics for USWNT FIFA WWC team 2015

Click here to take the quiz!

General Stats

  • This quiz has been taken 126 times
  • The average score is 15 of 23

Answer Stats

HintAnswer% Correct
13Alex Morgan
94%
1Hope Solo
93%
17Tobin Heath
90%
15Megan Rapinoe
89%
18Ashlyn Harris
86%
11Ali Krieger
85%
23Christen Press
81%
10Carli Lloyd
78%
20Abby Wambach
76%
5Kelley O'Hara
71%
4Becky Sauerbrunn
65%
19Julie Johnston
61%
12Lauren Holiday
61%
14Morgan Brian
60%
21Alyssa Naeher
58%
8Amy Rodriguez
58%
2Sydney Leroux
58%
3Christie Rampone
49%
9Heather O'Reilly
47%
22Meghan Klingenberg
46%
6Whitney Engen
44%
7Shannon Boxx
43%
16Lori Chalupny
33%

Score Distribution

Percentile by Number Answered

Percent of People with Each Score

Your Score History

You have not taken this quiz